| 000 | 00937nam a2200241 a 4500 | ||
|---|---|---|---|
| 001 | 41149 | ||
| 003 | BD-RjUL | ||
| 005 | 20211209053334.0 | ||
| 008 | 160516s1971 pk ||||| |||| 00| 0 ben d | ||
| 020 | _c: PRs 7.00 | ||
| 035 | _a(BD-RjUL)41265 | ||
| 040 |
_aBD-RjUL _bben _cBD-RjUL |
||
| 041 | _aben | ||
| 082 |
_223 _a820.81 _bMIS 1971 |
||
| 100 |
_aমিলিংটন, জন _9126568 |
||
| 245 | 1 | 0 |
_aসিংগের নাটক / _cজন মিলিংটন ; সিকানদার আবু জাফর অনূদিত |
| 260 |
_aঢাকা : _bবাংলা একাডেমী, _c১৯৭১ |
||
| 300 |
_a[৮], ২৯২ পৃ. ; _c২১ সেমি. |
||
| 650 |
_aEnglish _9126569 _v Drama _xtranslate in Bengali |
||
| 650 |
_aইংরেজী নাটক _9126570 |
||
| 700 |
_a জাফর, সিকানদার আবু, অনূবাদক _9126571 |
||
| 942 |
_2ddc _cBK |
||
| 999 |
_c41149 _d41149 |
||